[Event "HCL-E1508"]
[Site "www.playchess.de"]
[Date "2006.01.24"]
[Round "20"]
[White "PLAYCHESS1963"]
[Black "Inge_Heumann"]
[WhiteElo "1775"]
[BlackElo "1685"]
[PlyCount "76"]
[Result "0-1"]

1.e4 e6 2.d4 d5 3.Nd2 Nf6 4.Bd3 c5 5.e5 Nfd7 6.c3 
Nc6 7.Ngf3 cxd4 8.cxd4 Bb4 9.O-O h6 10.Nb3 O-O 
11.Be3 f5 12.a3 Be7 13.Rc1 a6 14.Bb1 Qe8 15.Qd2 
Nb6 16.Bd3 Bd7 17.Na5 Nxa5 18.Qxa5 Bd8 19.Qd2 Qf7 
20.g3 Be7 {Ich wünsche Dir Frohe Weihnachten!}  
21.Rc7 {TO YOU TOO!}  Bc6 22.Rc1 Rae8 23.Qa5 Na8 
24.R1xc6 bxc6 25.Rxc6 Reb8 26.b4 Rb7 27.Bxa6 Ra7 
{I forgot: Happy new year!}  28.b5 {To You too!}  
f4 29.gxf4 Bd8 30.Qc3 Nc7 31.Bc8 Ra8 32.Bb7 Nxb5 
33.Qb3 Qxb7 34.Rxe6 Rxa3 35.Qb1 Qd7 36.Rg6 Nc3 
37.Qb4 Be7 38.Qb6 Qh3 0-1

[Event "HCL-E1535"]
[Site "www.playchess.de"]
[Date "2006.01.24"]
[Round "17"]
[White "alldrix"]
[Black "Matu"]
[WhiteElo "1600"]
[BlackElo "1457"]
[PlyCount "99"]
[Result "1/2-1/2"]

1.e4 {hi!}  c6 {hi}  2.d4 {:D}  d5 3.Nc3 dxe4 
4.Nxe4 Nf6 5.Bd3 Nxe4 6.Bxe4 Nd7 7.Ne2 Nf6 8.Bf3 
Bf5 9.Bf4 e6 10.c3 Bd6 11.Qb3 Bxf4 12.Nxf4 Qb6 
13.Qxb6 axb6 14.O-O O-O 15.Rfe1 g5 16.Nh5 Nxh5 
17.Bxh5 h6 18.Re3 Kg7 19.a3 Rac8 20.Bf3 Rc7 21.g4 
Bc2 22.Rae1 Bb3 23.Be2 c5 24.dxc5 bxc5 25.Bd1 Bc4 
26.b3 Bd5 27.c4 Bc6 28.Rd3 Rd7 29.Ree3 Rfd8 30.Bc2 
R7xd3 31.Rxd3 Rxd3 32.Bxd3 Bf3 33.h3 Kf6 34.Kh2 
Ke5 35.Kg3 Bd1 36.b4 cxb4 37.axb4 f5 38.gxf5 exf5 
39.f3 h5 40.c5 h4+ 41.Kf2 Ba4 42.Ke2 Kf4 43.Kf2 
Bc6 44.Be2 Ba4 45.b5 Ke5 46.Bd3 Kd5 47.Bxf5 Bxb5 
48.Be4+ Kxc5 49.Bxb7 Kd4 50.Bc8 {(offering draw)} 
 1/2-1/2

[Event "HCL-E1544"]
[Site "www.playchess.de"]
[Date "2006.01.24"]
[Round "17"]
[White "chess50"]
[Black "hal1958"]
[WhiteElo "2155"]
[BlackElo "1444"]
[PlyCount "43"]
[Result "1-0"]

1.e4 e5 2.Nf3 d6 3.Bc4 Be6 4.Bxe6 fxe6 5.d4 exd4 
6.Nxd4 e5 7.Ne6 Qe7 8.Qh5+ g6 9.Qh3 Nf6 10.Nxf8 
Rxf8 11.Qc8+ Qd8 12.Qxb7 Nbd7 13.Nc3 Nc5 14.Qc6+ 
Ke7 15.Bh6 Rf7 16.O-O-O Ne6 17.Nd5+ Nxd5 18.exd5 
Nd4 19.Rxd4 exd4 20.Re1+ Kf6 21.Re6+ Kf5 
22.f3 1-0

[Event "HCL-B3777"]
[Site "www.playchess.de"]
[Date "2006.01.24"]
[Round "10"]
[White "cladious"]
[Black "ArthurDent"]
[WhiteElo "804"]
[BlackElo "981"]
[PlyCount "53"]
[Result "1-0"]

1.d4 d5 2.c4 dxc4 3.e3 Nf6 4.Bxc4 Nc6 5.Nf3 Bg4 
6.h3 Bxf3 7.Qxf3 e5 8.d5 Nb4 9.O-O Nc2 10.Rd1 Nxa1 
11.Bb5+ Nd7 12.Qe2 a6 13.Bxd7+ Qxd7 14.e4 Bc5 
15.Nc3 Rd8 16.Bg5 f6 17.Bh4 g5 18.Bg3 Bd4 19.Rxa1 
Bxc3 20.bxc3 Qa4 21.Qh5+ Ke7 22.Qg4 Rd6 23.h4 Qc2 
24.hxg5 Qxc3 25.gxf6+ Kf7 26.Qg7+ Ke8 
27.Qe7+ 1-0

[Event "HCL-B3785"]
[Site "www.playchess.de"]
[Date "2006.01.24"]
[Round "27"]
[White "RUDI"]
[Black "mrchess"]
[WhiteElo "1239"]
[BlackElo "1440"]
[PlyCount "88"]
[Result "1/2-1/2"]

1.e4 c5 2.Bc4 Nc6 3.Nf3 d6 4.O-O Nf6 5.d3 g6 6.Nc3 
Bg7 7.Nd5 O-O 8.c3 Nxd5 9.Bxd5 Qc7 10.Bf4 Ne5 
11.Nxe5 dxe5 12.Bg3 e6 13.Bb3 b5 14.Qe2 a5 15.a4 
Ba6 16.c4 b4 17.Bd1 Rad8 18.b3 f5 19.f3 Qd6 20.Bc2 
Rd7 21.Rad1 Qe7 22.h3 Qd6 23.Bf2 Bh6 24.Be3 
{(offering draw)}  Bxe3+ 25.Qxe3 Rdf7 26.Kh1 Qd4 
27.Qxd4 exd4 28.Rde1 Bb7 29.Kg1 e5 30.Bd1 f4 
31.Rf2 {(offering draw) nice pattern - how about 
remis?}  h5 {maybe later}  32.Kh2 {okay}  g5 
33.Rg1 Kh7 34.g4 hxg4 35.hxg4 Kg6 36.Kg2 Rh7 
37.Rh1 Rh4 38.Kg1 Rfh8 39.Rfh2 Bc8 40.Kg2 Be6 
41.R2h3 Bf7 42.R3h2 Kf6 43.R2h3 Bg6 44.R3h2 Kg7 
{(offering draw)}  1/2-1/2

[Event "HCL-C4104"]
[Site "www.playchess.de"]
[Date "2006.01.24"]
[Round "10"]
[White "Ulpe"]
[Black "epenz"]
[WhiteElo "1561"]
[BlackElo "1004"]
[PlyCount "35"]
[Result "1-0"]

1.e4 e5 2.Nf3 Nc6 3.Bb5 d6 4.d4 Bd7 5.O-O a6 6.Ba4 
b5 7.Bb3 Nf6 8.Ng5 Qe7 9.Nxf7 Rg8 10.dxe5 Nxe5 
11.Nxe5 Be6 12.Nf3 O-O-O 13.Nc3 Bxb3 14.axb3 Nxe4 
15.Qd5 Nf6 16.Qc6 h6 17.Rxa6 Nd7 
18.Nd5 1-0

[Event "HCL-C4073"]
[Site "www.playchess.de"]
[Date "2006.01.24"]
[Round "3"]
[White "JULIUS"]
[Black "JerryReneau"]
[WhiteElo "897"]
[BlackElo "1079"]
[PlyCount "37"]
[Result "1-0"]

1.d4 d5 2.Nf3 Nf6 3.Bg5 e6 4.e3 Be7 5.Bb5+ Bd7 
6.Bxd7+ Qxd7 7.Ne5 Qb5 8.b3 O-O 9.Nc3 Qa6 10.Ne2 
Nc6 11.Bxf6 Bxf6 12.Nd7 Rfd8 13.Nxf6+ gxf6 14.Qd2 
e5 15.O-O exd4 16.exd4 Rde8 17.Nf4 Rad8 18.Nh5 Re2 
19.Qh6 1-0

[Event "HCL-E1545"]
[Site "www.playchess.de"]
[Date "2006.01.24"]
[Round "8"]
[White "Eishockeytorwart"]
[Black "Josef"]
[WhiteElo "1949"]
[BlackElo "1625"]
[PlyCount "63"]
[Result "1/2-1/2"]

1.e4 {welcome from germany}  c5 {hi aus 
österreich. super name, der gefällt mir}  2.Nf3 
{habe viele  Jahre als Torwart gespielt in essen 
2.bundesliga in deutschland}  d6 {toll. leider gab 
es bei uns die möglichkeit nicht, hätte mir auch 
gefallen, so war ich nur fußball torwart}  3.d4 
cxd4 4.Bb5+ Bd7 5.Nxd4 Bxb5 6.Nxb5 a6 7.Nd4 e6 
8.O-O Nf6 9.Nc3 Be7 10.Qe2 O-O 11.Rd1 Qc7 12.a4 
Nc6 13.Qc4 Rac8 14.Nxc6 Qxc6 15.Qd3 Rfd8 16.Bg5 h6 
17.Be3 d5 18.e5 Ne4 19.Bd4 Nxc3 20.Bxc3 Qc4 
21.Qxc4 Rxc4 22.Rd4 Rdc8 23.Rad1 g5 24.Rxc4 Rxc4 
25.Rd4 Rxd4 {(offering draw)}  26.Bxd4 {i think i 
can win the game}  Kg7 27.g4 f6 28.Kg2 fxe5 
29.Bxe5+ Bf6 30.Bxf6+ Kxf6 31.Kf3 e5 32.a5 
{(offering draw)}  1/2-1/2

[Event "HCL-M823"]
[Site "www.playchess.de"]
[Date "2006.01.24"]
[Round "7"]
[White "cinephos"]
[Black "Goofy"]
[WhiteElo "2043"]
[BlackElo "2046"]
[PlyCount "81"]
[Result "1-0"]

1.e4 c5 2.Nf3 d6 3.d4 cxd4 4.Nxd4 Nf6 5.Nc3 a6 
6.Bg5 e5 7.Nf5 Bxf5 8.exf5 Be7 9.Bxf6 Bxf6 10.Bc4 
O-O 11.Ne4 Be7 12.O-O Nc6 13.c3 Kh8 14.Re1 Qc8 
15.f6 gxf6 16.Nxd6 Bxd6 17.Qxd6 Qf5 18.Rad1 Rad8 
19.Qc7 Rdc8 20.Qxb7 Na5 21.Bd3 Qxf2+ 22.Kxf2 Nxb7 
23.Bxa6 Rc7 24.Bd3 Nc5 25.Bc2 Ne6 26.a4 Rb8 
27.Rdb1 Nd4 28.Bxh7 Kxh7 29.cxd4 exd4 30.b4 Rc4 
31.a5 Rcxb4 32.Rxb4 Rxb4 33.Ra1 Kg6 34.a6 Rb8 
35.a7 Ra8 36.Ra5 f5 37.g3 Kf6 38.Ke2 Ke6 39.Kd3 
{Sorry, for the delay. I had some health problems 
and I did not want to play chess.}  Kd6 {No 
problem! I hope you're better now?!}  40.Kxd4 {I 
do hope myself too!}  Kc6 41.Ke5 1-0

[Event "HCL-E1544"]
[Site "www.playchess.de"]
[Date "2006.01.24"]
[Round "18"]
[White "hal1958"]
[Black "chess50"]
[WhiteElo "1444"]
[BlackElo "2155"]
[PlyCount "42"]
[Result "0-1"]

1.b4 {have a nice game}  e5 2.Bb2 f6 3.a3 a5 4.b5 
d5 5.e3 Be6 6.Nf3 Nh6 7.Be2 Nd7 8.O-O Bd6 9.h3 O-O 
10.d3 Nb6 11.Nbd2 Na4 12.Qc1 c6 13.c4 cxb5 14.cxb5 
Bd7 15.d4 Rc8 16.Qb1 e4 17.Ne1 Qc7 18.Nb3 Qb6 
19.Nc2 Bxb5 20.Bxb5 Qxb5 21.Nd2 
Qxb2 0-1

[Event "HCL-C3862"]
[Site "www.playchess.de"]
[Date "2006.01.24"]
[Round "11"]
[White "zemljanin"]
[Black "ronan48"]
[WhiteElo "1564"]
[BlackElo "956"]
[PlyCount "107"]
[Result "1-0"]

1.e4 {hello}  e5 {Hello ! Have a good game !}  
2.f4 {thanks, you too}  d6 {Thanks !}  3.Nf3 Nc6 
4.Bb5 exf4 5.d4 Qe7 6.Nc3 Nf6 7.e5 dxe5 8.Nxe5 Bg4 
9.Qd3 O-O-O 10.Bxc6 Qd6 11.Bxb7+ Kxb7 12.Bxf4 Qb4 
13.Qb5+ Qxb5 14.Nxb5 a6 15.O-O axb5 16.Nxf7 Rxd4 
17.Nxh8 Bc5 18.Be3 Be2 19.Bxd4 Bxd4+ 20.Kh1 Bxf1 
21.Rxf1 Bxb2 22.Nf7 Ne4 23.Re1 Nf2+ 24.Kg1 Bd4 
25.Kf1 Ng4 26.h3 Ne3+ {(offering draw)}  27.Rxe3 
Bxe3 28.Ne5 Bd4 {(offering draw)}  29.Nf3 Bf6 
{(offering draw)}  30.Ke2 g5 31.Nd2 b4 32.Kd3 c5 
33.Ke4 Bc3 34.Nf3 h6 35.Kf5 Kb6 36.Kg6 Kb5 37.Ng1 
Bd4 38.Ne2 Bc3 39.Kxh6 Bd2 40.Kg6 c4 41.Kf5 c3 
42.Ke4 Kc4 43.Nd4 Bf4 44.Ne2 Kc5 45.Nxf4 gxf4 
46.h4 Kc4 47.h5 Kb5 48.h6 Ka4 49.h7 Ka3 50.h8Q 
Kxa2 51.Qg8+ Kb2 52.Qb3+ Kc1 53.Kd3 f3 
54.gxf3 1-0

[Event "HCL-B3831"]
[Site "www.playchess.de"]
[Date "2006.01.24"]
[Round "1"]
[White "Akkarin"]
[Black "Tofik"]
[WhiteElo "1333"]
[BlackElo "1377"]
[PlyCount "65"]
[Result "1-0"]

1.d3 {Hello from Imardin, Kyralia}  e5 {Hi from 
Moscow, have a nice game!}  2.Nd2 d5 3.Ngf3 Nc6 
4.e4 Nf6 5.c3 dxe4 6.dxe4 Bc5 7.Be2 O-O 8.Qc2 Ng4 
9.O-O f5 10.Nb3 Bd6 11.h3 fxe4 12.Qxe4 Bf5 13.Qc4+ 
Kh8 14.hxg4 Bxg4 15.Qxg4 Qf6 16.Qe4 Rab8 17.Bd3 g6 
18.Bg5 Qf5 19.Qxf5 gxf5 20.Bc2 Kg7 21.Bd2 Rf6 
22.Bg5 Rf7 23.g3 h6 24.Bd2 Rg8 25.Nh4 Ne7 26.Na5 
Rb8 27.Nc4 Ng6 28.Nxf5+ Kf6 29.Nfxd6 cxd6 30.Nxd6 
Rd7 31.Ne4+ Kg7 32.Be3 a5 33.Rad1 1-0

[Event "HCL-M884"]
[Site "www.playchess.de"]
[Date "2006.01.24"]
[Round "6"]
[White "papuan"]
[Black "RedBishop"]
[WhiteElo "2332"]
[BlackElo "2166"]
[PlyCount "41"]
[Result "1-0"]

1.d4 e6 {Hi nice to meet you (again). Good Luck!}  
2.c4 {Hello! Good luck!}  b6 3.e4 Bb7 4.Bd3 f5 
5.exf5 Bxg2 6.Qh5+ g6 7.fxg6 Bg7 8.gxh7+ Kf8 9.Ne2 
Nf6 10.Qh4 Bxh1 11.Bg5 Nc6 12.Nd2 Nb4 13.Bg6 Bb7 
14.Nf4 Ke7 15.Nh5 Qf8 16.d5 Nbxd5 17.Ne4 Kd8 
18.cxd5 Qb4+ 19.Nc3 Qxh4 20.Bxh4 Kc8 
21.Nxf6 1-0

[Event "HCL-C4087"]
[Site "www.playchess.de"]
[Date "2006.01.24"]
[Round "7"]
[White "DOSANJOS"]
[Black "stefcat"]
[WhiteElo "800"]
[BlackElo "800"]
[PlyCount "61"]
[Result "1-0"]

1.e4 e5 2.Nf3 Nc6 3.Bb5 a6 4.Bc4 b5 5.Bd5 Nf6 
6.Nc3 d6 7.Bxc6+ Bd7 8.Bxa8 Qxa8 9.d3 Bg4 10.Qe2 
c5 11.a4 b4 12.h3 Be6 13.Ng5 Bd7 14.O-O bxc3 
15.bxc3 d5 16.c4 dxe4 17.dxe4 h6 18.Nf3 Nxe4 
19.Nxe5 {WHICH the NAME Of ITS CITY?}  Be6 20.Qd3 
f6 21.Ng6 Bd6 22.Re1 f5 23.Nxh8 Qb8 24.f3 Bh2+ 
25.Kf1 Qd6 26.fxe4 Qxd3+ 27.cxd3 f4 28.Rb1 Bg3 
29.Rb8+ Kd7 30.Re2 Bg4 31.hxg4 1-0

[Event "HCL-C4007"]
[Site "www.playchess.de"]
[Date "2006.01.24"]
[Round "12"]
[White "Thrustnicely"]
[Black "cla114"]
[WhiteElo "1067"]
[BlackElo "871"]
[PlyCount "65"]
[Result "1-0"]

1.e4 {:-)}  e5 2.Bc4 Nf6 3.Qf3 Be7 4.d4 O-O 5.dxe5 
d5 6.exf6 Bxf6 7.exd5 c6 8.Nc3 cxd5 9.Bxd5 Nc6 
10.Ne4 Nd4 11.Nxf6+ Qxf6 12.Qxf6 gxf6 13.Kd2 Bf5 
14.Bb3 Rad8 15.Ke3 Rfe8+ 16.Kf4 Re4+ 17.Kg3 Kh8 
18.f3 Rg8+ 19.Kf2 Re2+ 20.Nxe2 Ne6 21.Bxe6 fxe6 
22.Rd1 Bxc2 23.Rd6 Rf8 24.Bh6 Re8 25.Rc1 Bf5 26.g4 
Bg6 27.Rc7 b5 28.Bg7+ Kg8 29.Bxf6 a5 30.Rg7+ Kf8 
31.Nf4 Bf7 32.Rxh7 Bg8 33.Ng6+ 1-0

[Event "HCL-A2548"]
[Site "www.playchess.de"]
[Date "2006.01.24"]
[Round "3"]
[White "hal1958"]
[Black "organic"]
[WhiteElo "1480"]
[BlackElo "1326"]
[PlyCount "71"]
[Result "1-0"]

1.b4 {have a nice game}  d5 {The same to you!}  
2.Bb2 Nf6 3.e3 a6 4.Nf3 Nc6 5.a3 Bg4 6.Be2 e6 
7.O-O Bd6 8.h3 Bh5 9.d3 O-O 10.Nbd2 e5 11.c4 b5 
12.c5 Be7 13.Nxe5 Bxe2 14.Qxe2 Nxe5 15.Bxe5 c6 
16.Nb3 Nd7 17.Bd4 Bf6 18.Bxf6 Qxf6 19.Nd4 a5 
20.Qf3 Qe7 21.Nxc6 Qg5 22.Nxa5 Rxa5 23.bxa5 Nxc5 
24.d4 Nb3 25.Rab1 Nd2 26.Qe2 Nxf1 27.Kxf1 Qf6 
28.Qxb5 h6 29.Qxd5 Rd8 30.Qc5 Ra8 31.Rb6 Qd8 32.a6 
Rc8 33.Qb4 Rc1+ 34.Ke2 Rc2+ 35.Kd3 Rc3+ 
36.Kxc3 1-0

[Event "HCL-C4079"]
[Site "www.playchess.de"]
[Date "2006.01.24"]
[Round "6"]
[White "Treebeard"]
[Black "Kelthek"]
[WhiteElo "1239"]
[BlackElo "612"]
[PlyCount "47"]
[Result "1-0"]

1.e4 {Hello}  e5 {Hi there}  2.Nf3 Nf6 3.Nxe5 d6 
4.Nf3 Nxe4 5.d4 d5 6.Bd3 Bb4+ 7.c3 Ba5 8.O-O O-O 
9.Re1 Bf5 10.Nbd2 c6 11.Nxe4 dxe4 12.Bxe4 Bg4 
13.b4 Bc7 14.Bb1 Nd7 15.Qd3 Nf6 16.Bg5 Qd6 17.Bxf6 
g6 18.Be5 Qe6 19.Bc2 Bxf3 20.Qxf3 Rac8 21.Bxc7 Qc4 
22.Be5 Qe6 23.Bb3 Qd7 24.Qf6 1-0

[Event "HCL-C4105"]
[Site "www.playchess.de"]
[Date "2006.01.24"]
[Round "6"]
[White "Mister_Bojangles"]
[Black "Skipper_Robert"]
[WhiteElo "1100"]
[BlackElo "995"]
[PlyCount "49"]
[Result "1-0"]

1.e4 {Hiya.  Best of luck.}  e5 {Hello from 
Berlin}  2.Nf3 {Durham here.  How's life?}  d6 
3.d3 Bg4 4.Be2 Nf6 5.Bg5 Be7 6.Nbd2 Nc6 7.c4 a6 
8.Qb3 Bxf3 9.Nxf3 b6 10.Qa4 b5 11.cxb5 axb5 
12.Qxb5 Kd7 13.d4 Rb8 14.Qa4 Nxe4 15.Bxe7 Qxe7 
16.d5 Rb6 17.Bb5 Ke8 18.Bxc6+ Rxc6 19.Qxc6+ Qd7 
20.Rc1 Ke7 21.Qxc7 Ra8 22.a3 h6 23.O-O Ra4 24.Qc2 
Rd4 25.Nxd4 1-0

[Event "ACL-A612"]
[Site "www.playchess.de"]
[Date "2006.01.24"]
[Round "19"]
[White "Fred31"]
[Black "M_L"]
[WhiteElo "1601"]
[BlackElo "1500"]
[PlyCount "34"]
[Result "0-1"]

1.e4 {Hello}  e5 2.Nc3 Nf6 {Hi there, good games 
=)}  3.Nf3 Nc6 4.a3 d5 5.exd5 Nxd5 6.Nxd5 Qxd5 
7.d3 Bg4 8.h3 Bf5 9.Qe2 O-O-O 10.Bd2 Bc5 11.b4 e4 
12.Qd1 exf3 13.gxf3 Rhe8+ 14.Be2 Qxf3 15.Rf1 Bd4 
16.Rb1 Bxh3 17.Rg1 Qxf2+ 0-1

[Event "HCL-T247"]
[Site "www.playchess.de"]
[Date "2006.01.24"]
[Round "5"]
[White "Pillsbury"]
[Black "richard"]
[WhiteElo "2428"]
[BlackElo "1748"]
[PlyCount "89"]
[Result "1-0"]

1.d4 f5 2.c4 Nf6 3.g3 g6 4.Bg2 Bg7 5.Nf3 O-O 6.O-O 
d6 7.Nc3 c6 8.d5 e5 9.dxe6 Bxe6 10.b3 Na6 11.Bb2 
Qe7 12.Ng5 Bd7 13.Qc2 h6 14.Nh3 Ne4 15.Nf4 Be8 
16.Nd3 Nec5 17.Rad1 Rd8 18.Rfe1 Bf7 19.Nxc5 Nxc5 
20.e4 Rfe8 21.f4 fxe4 22.Nxe4 Bxb2 23.Qxb2 Nxe4 
24.Rxe4 Qf8 25.Qf6 d5 26.Rxe8 Qxe8 27.cxd5 cxd5 
28.f5 Rd7 29.fxg6 Bxg6 30.Bxd5+ Rxd5 31.Rxd5 Qe1+ 
32.Kg2 Be4+ 33.Kh3 Bxd5 34.Qd8+ Kg7 35.Qxd5 Qf1+ 
36.Kg4 Qe2+ {(offering draw)}  37.Kf5 Qf2+ 38.Ke6 
Qf7+ {(offering draw)}  39.Kd6 Qf6+ 40.Kc7 Qf2 
41.a4 Qxh2 42.Qe5+ Kg6 43.Qd6+ Kh7 44.Kxb7 Qf2 
45.b4 1-0

[Event "HCL-E1480"]
[Site "www.playchess.de"]
[Date "2006.01.25"]
[Round "7"]
[White "Vinci"]
[Black "Glomp"]
[WhiteElo "1647"]
[BlackElo "1636"]
[PlyCount "73"]
[Result "1-0"]

1.e4 {hallo wieder aus zürich!}  c5 {Und wieder 
Hallo aus Burgwedel bei Hannover!}  2.Nf3 {spielen 
wir sizilianisch dies mal? ;-)}  e6 {Ja, ich 
glaube, so heißt die Eröffnung...}  3.d4 cxd4 
4.Nxd4 Nf6 5.Nc3 d6 6.f3 Be7 7.Be3 O-O 8.g4 Nfd7 
9.Nce2 Nc6 10.Qd2 Nde5 11.Bg2 Nc4 12.Qc3 Nxe3 
13.Qxe3 Bd7 14.O-O-O a6 15.f4 Rc8 16.Kb1 Nxd4 
17.Nxd4 Qc7 18.Rd2 Rfd8 19.g5 Qc5 20.Qg3 b5 21.h4 
b4 22.f5 e5 23.Nb3 Qc7 24.f6 Bf8 25.h5 a5 26.g6 h6 
27.gxf7+ Kxf7 28.Rf2 Kg8 29.Qg6 Be8 30.fxg7 Bxg7 
31.Qg3 Bb5 32.Bh3 Bd7 33.Bf5 Rdf8 34.Rg1 {da 
scheint sich wieder ein spannendes remis 
anzubahnen ;-)}  Rf7 {Schön wär's!}  35.Bg6 {ich 
dachte, du nimmst mit dem weissfeldrigen läufer 
den meinen auf f5... hmm}  Re7 {Da hatte ich wohl 
meine eigenen Gedanken...}  36.Bf7+ {ein glück, 
dass mein pferd den punkt c1 hält...}  Rxf7 
37.Rxf7 {;-)}  1-0

[Event "HCL-B3804"]
[Site "www.playchess.de"]
[Date "2006.01.25"]
[Round "20"]
[White "Snillie"]
[Black "evets"]
[WhiteElo "1479"]
[BlackElo "1445"]
[PlyCount "119"]
[Result "1-0"]

1.c4 c5 2.g3 e5 3.Bg2 Nf6 4.Nc3 Be7 5.d3 O-O 6.e4 
Nc6 7.Nge2 Nd4 8.O-O d6 9.Nxd4 cxd4 10.Ne2 Bd7 
11.Rb1 Rc8 12.b4 b5 13.cxb5 Bxb5 14.a4 Bd7 15.Bd2 
a6 16.Qb3 Be6 17.Qa3 d5 18.Rfc1 dxe4 19.dxe4 Bc4 
20.Kf1 Bxe2+ 21.Kxe2 Rxc1 22.Rxc1 Qd7 23.Qb3 Rc8 
24.f3 d3+ 25.Qxd3 Qxd3+ 26.Kxd3 Rxc1 27.Bxc1 Bxb4 
28.Bd2 Bc5 29.Bf1 Nd7 30.Kc2 Bg1 31.h3 Nc5 32.Bb4 
f6 33.Bxc5 Bxc5 34.Bxa6 Kf7 35.Kc3 Ke7 36.Kc4 Ba7 
37.Kd5 h5 38.Bb5 g5 39.Kc6 g4 40.hxg4 hxg4 41.fxg4 
Bf2 42.a5 Kd8 43.Kb7 Bxg3 44.a6 Bf2 45.a7 Bxa7 
46.Kxa7 Kc7 47.Be8 Kd8 48.Bg6 Kc7 49.Bf5 Kd8 
50.Kb8 Ke7 51.Kc7 Ke8 52.Kd6 Kf7 53.Kd7 Kf8 54.Ke6 
Kg7 55.Ke7 Kh6 56.Be6 Kg5 57.Kf7 Kf4 58.Bf5 Kg5 
59.Kg7 Kf4 60.Kxf6 1-0

[Event "HCL-B3819"]
[Site "www.playchess.de"]
[Date "2006.01.25"]
[Round "20"]
[White "WStanEvans"]
[Black "Snillie"]
[WhiteElo "1181"]
[BlackElo "1479"]
[PlyCount "88"]
[Result "0-1"]

1.e4 {Greetings!}  d6 2.Nc3 Nf6 3.f4 g6 4.Nf3 Bg7 
5.Bc4 O-O 6.d3 Nbd7 7.O-O c6 8.Qe1 b5 9.Bb3 Nc5 
10.h3 Nxb3 11.axb3 Bb7 12.Be3 Qc7 13.Rxa7 Rxa7 
14.Bxa7 Ra8 15.Be3 Nd7 16.d4 e5 17.fxe5 dxe5 18.d5 
Ba6 19.dxc6 Qxc6 20.Rf2 Nf6 21.Nxe5 Qe6 22.Bd4 b4 
23.Na4 Rc8 24.Nc5 Rxc5 25.Bxc5 Qxe5 26.Bxb4 Qxe4 
27.Qxe4 Nxe4 28.Rf4 f5 29.Bc3 Bh6 30.Rf3 Be2 
31.Rd3 Bxd3 32.cxd3 Nc5 33.d4 Nxb3 34.d5 Kf7 
35.Bb4 Bf8 36.Ba3 Bxa3 37.bxa3 Ke7 38.Kf2 Kd6 
39.Ke3 g5 40.g4 fxg4 41.hxg4 Kxd5 42.Kd3 Nc5+ 
43.Ke3 Ke5 44.Kf3 Kd4 0-1

[Event "HCL-A2509"]
[Site "www.playchess.de"]
[Date "2006.01.25"]
[Round "30"]
[White "evets"]
[Black "taroak"]
[WhiteElo "1480"]
[BlackElo "1399"]
[PlyCount "75"]
[Result "1-0"]

1.d4 g6 2.b3 Bg7 3.Bb2 c5 4.Nf3 cxd4 5.Nxd4 Nf6 
6.e3 O-O 7.Bc4 d5 8.Bb5 a6 9.Be2 e5 10.Nf3 Nc6 
11.O-O Re8 12.c4 d4 13.exd4 exd4 14.Nxd4 Nxd4 
15.Qxd4 Qc7 16.Qd2 Bf5 17.Bxf6 Bxf6 18.Nc3 Rad8 
19.Qb2 Rxe2 20.Qxe2 Bxc3 21.Rad1 Rc8 22.g4 Be6 
23.Rd3 Bg7 24.Rfd1 Bf6 25.h3 Kg7 26.R3d6 Re8 
27.Qf3 Be7 28.R6d3 Qa5 29.Qe2 Rh8 30.f4 b5 31.Qe5+ 
Bf6 32.Qc5 Rc8 33.Qf2 bxc4 34.bxc4 Rxc4 35.g5 Bb2 
36.Qxb2+ Kf8 37.R3d8+ Ke7 38.Qf6+ 1-0

[Event "HCL-C4079"]
[Site "www.playchess.de"]
[Date "2006.01.25"]
[Round "9"]
[White "johnalle"]
[Black "Kelthek"]
[WhiteElo "1210"]
[BlackElo "612"]
[PlyCount "49"]
[Result "1-0"]

1.d4 {Hello from Minnesota}  c5 {Hello there from 
Virginia..Good luck}  2.Nf3 d5 3.dxc5 Nf6 4.e3 e6 
5.Nc3 Bxc5 6.Be2 O-O 7.O-O Nc6 8.b3 e5 9.Bb2 Bg4 
10.Nh4 Qd7 11.Bxg4 Nxg4 12.Nxd5 Be7 13.Nxe7+ Qxe7 
14.Qxg4 g6 15.Nf5 Qb4 16.Nh6+ Kh8 17.Qg3 Qc5 
18.Rac1 Qa5 19.a3 Qd5 20.Rcd1 Qe4 21.Rd7 Qxc2 
22.Bxe5+ f6 23.Bxf6+ Rxf6 24.Qc7 Rff8 
25.Rxh7+ 1-0

[Event "HCL-B3850"]
[Site "www.playchess.de"]
[Date "2006.01.25"]
[Round "5"]
[White "Skipper_Robert"]
[Black "Kold_Blooded_Ken"]
[WhiteElo "995"]
[BlackElo "1350"]
[PlyCount "57"]
[Result "1-0"]

1.d4 d5 2.Nc3 Nf6 3.f3 Nc6 4.Bf4 Nxd4 5.Qxd4 c6 
6.O-O-O e6 7.e4 c5 8.Qa4+ Bd7 9.Qb3 d4 10.Nb5 Bxb5 
11.Bxb5+ Nd7 12.c3 a6 13.Bxd7+ Qxd7 14.Nh3 Be7 
15.e5 O-O 16.Qc2 g6 17.Nf2 Rad8 18.Ne4 d3 19.Qd2 
Qa4 20.a3 c4 21.Nf6+ Kh8 22.Bh6 Bxa3 23.bxa3 Qxa3+ 
24.Kb1 b5 25.Bxf8 Rxf8 26.Qh6 Qb3+ 27.Ka1 Qxc3+ 
28.Ka2 Qb3+ 29.Ka1 1-0

[Event "ACL-E201"]
[Site "www.playchess.de"]
[Date "2006.01.25"]
[Round "6"]
[White "hardy"]
[Black "WKU_Topper"]
[WhiteElo "1997"]
[BlackElo "1771"]
[PlyCount "93"]
[Result "1-0"]

1.c4 {Hi! I wish us a good game}  Nf6 {Hello and 
good luck!}  2.Nc3 e6 3.e4 d5 4.e5 d4 5.exf6 dxc3 
6.bxc3 Qxf6 7.Nf3 b6 8.d4 Bb7 9.Bd3 Bxf3 10.gxf3 
Nd7 11.Be4 Rd8 12.Qa4 c5 13.Be3 cxd4 14.cxd4 a5 
15.Bc6 Bb4+ 16.Ke2 h6 17.a3 Bd6 18.Rab1 Bc7 19.c5 
Qe7 20.cxb6 Bd6 21.Qxa5 O-O 22.a4 Nb8 23.Be4 f5 
24.Bd3 Nc6 25.Qc3 Nb4 26.a5 Nd5 27.Qb3 Bb4 28.Rba1 
Rda8 29.Bc4 Qd6 30.Bxd5 exd5 31.Ra4 f4 32.Qxb4 Qg6 
33.Bd2 Rae8+ 34.Kd1 Qg2 35.Re1 Qxf3+ 36.Kc1 Rxe1+ 
37.Bxe1 Rc8+ 38.Kd2 Qe4 39.Qb3 Re8 40.Qd1 Qe6 
41.Rb4 Qe7 42.Kc2 Qb7 43.Bc3 Ra8 44.Rb3 Kh8 45.Qe2 
Kh7 46.Qb5 f3 47.Qd3+ 1-0

[Event "HCL-T258"]
[Site "www.playchess.de"]
[Date "2006.01.25"]
[Round "3"]
[White "hal1958"]
[Black "Sixty4"]
[WhiteElo "1482"]
[BlackElo "1719"]
[PlyCount "66"]
[Result "0-1"]

1.b4 f5 {Nice to meet THE expert of the Sokolsky 
here at PlayChess. I am very impressed by your 950 
games played with this opening. Probably I can 
learn a lot from you...}  2.Bb2 {As you can see on 
Variant Explorer it is the best opening for white. 
Highest winpercentage. It is a good opening 
against less experienced players. But against 
players with a high rating ...}  Nf6 {... it is 
equally good. I play b4 in my OTB games against 
players in the range 1800 to 2000 with very good 
success. But it will be difficult for me to play 
*against* the best opening of all. ;-)}  3.c4 {the 
rating difference of about 200 is in your favor}  
e6 {Ratings are generally over-rated (nice pun, 
isn't it). Especially in correspondence chess much 
depends on how much time you invest.}  4.a3 
{Thomas, a question not related to this game. Can 
you give some more information about the 2 Swiss 
Tournaments. On October 27 you wrote "The next 
rounds of our two Swiss tournaments will start in 
about 2 weeks."}  a5 {I wrote something in the 
forum. The Swiss tournaments will start in January 
- sorry.}  5.e3 axb4 {Sacrifice or blunder?}  
6.axb4 {Time will tell if it was a sacrifice. For 
now, let's call it a blunder.}  Rxa1 7.Bxa1 Bxb4 
{Let's see what happens...}  8.Nf3 Nc6 9.Be2 O-O 
10.O-O d6 11.d4 {Happy Newyear}  Ne4 {I wish you a 
happy new year. May most of your wishes come true! 
:-)}  12.Qa4 d5 {You got me! :-(}  13.c5 Bd7 
14.Bb5 Qa8 {Tit for tat... ;-)}  15.Qxa8 Rxa8 {I 
expected Bxc6 Bxc6 Qxb4 Qxa1. Obviously, I do not 
understand your plans - or chess in general. :-(}  
16.Bb2 {I think your answer shouldn't have been 
Bxc6 but Qxa4. And now Bxa5 Bxa5. That's why I did 
not play Bxc6}  Ra2 {I guess you are right, but I 
doubt that I would have seen and played that... I 
seems I have been lucky.}  17.Bc1 {Now you tell me 
:-) Next time please inform me of your answer 
before I make my move ;-)}  b6 {Sorry - I forgot. 
My next move will be Rxa6 (after your obvious 
Ba6). ;-)}  18.cxb6 {Then I'll have to play the 
not so obvious}  cxb6 19.Rd1 Nxf2 {Once again, I 
have to play the obvious... ;-)}  20.Rf1 {I'm 
making to many (small) mistakes}  Ne4 {Yes - thank 
you! ;-)}  21.Bd3 Bd6 22.Bxe4 fxe4 23.Ng5 Nd8 
24.Nc3 Rc2 25.Nb1 b5 26.Nh3 b4 27.Nd2 Bb5 28.Re1 
Bc4 29.Nxc4 dxc4 30.g3 b3 31.Nf2 Bb4 32.Rd1 c3 
33.Nxe4 b2 0-1